00696 a2200181 4500020001500000040001300015082001500028100001800043245007100061260003400132300003600166440002800202650004100230650002800271700003200299856009100331856009200422 a0387237569 aDLCbDLC00a621.382/161 aJue, Jason P.10aOptical burst switched networks cJason P. Jue, Vinod M. Vokkarane aNew York :bSpringer,cc2005. axviii, 147 p. :bill. ;c25 cm. 0aOptical networks series 0aPacket switching (Data transmission) 0aOptical communications.1 aVokkarane, Vinod M.,d1978-423Publisher descriptionuhttp://www.loc.gov/catdir/enhancements/fy0663/2004062640-d.html423Table of contents onlyuhttp://www.loc.gov/catdir/enhancements/fy0819/2004062640-t.html